Every Song by the Band - Statistics

General Stats
  • This quiz has been taken 4 times
  • The average score is 4 of 93
Answer Stats
Album Song % Correct
Music from Big Pink(1968) The Weight
100%
Stage Fright(1970) Stage Fright
67%
Non-Album(1965) He Don't Love You (and He'll Break Your Heart)
33%
Islands(1977) Islands
33%
The Band(1969) Jemima Surrender
33%
The Band(1969) Rag Mama Rag
33%
The Band(1969) The Night They Drove Old Dixie Down
33%
Stage Fright(1970) The Shape I'm In
33%
Cahoots(1971) 4% Pantomime
0%
Northern Lights – Southern Cross(1975) Acadian Driftwood
0%
The Band(1969) Across the Great Divide
0%
Moondog Matinee(1973) Ain't Got No Home
0%
Stage Fright(1970) All La Glory
0%
Cahoots(Bonus)(2000) Bessie Smith
0%
Jubilation(1998) Book Faded Brown
0%
Jubilation(1998) Bound by Love
0%
Music from Big Pink(1968) Caledonia Mission
0%
Music from Big Pink(1968) Chest Fever
0%
Islands(1977) Christmas Must Be Tonight
0%
Stage Fright(1970) Daniel and the Sacred Harp
0%
Jubilation(1998) Don't Wait
0%
The Last Waltz(1978) Down South in New Orleans
0%
Cahoots(Bonus)(2000) Endless Highway
0%
The Last Waltz(1978) Evangeline
0%
Music from Big Pink(Bonus)(1968) Ferdinand the Imposter
0%
Northern Lights – Southern Cross(1975) Forbidden Fruit
0%
Jubilation(1998) French Girls
0%
The Band(Bonus)(1969) Get Up Jake
0%
Non-Album(1968) Go Go Liza Jane
0%
Jubilation(1998) High Cotton
0%
Northern Lights – Southern Cross(1975) Hobo Jungle
0%
Moondog Matinee(1973) Holy Cow
0%
Jubilation(1998) If I Should Fail
0%
Music from Big Pink(1968) In a Station
0%
Music from Big Pink(1968) I Shall Be Released
0%
Northern Lights – Southern Cross(1975) It Makes No Difference
0%
Live at Watkins Glen(1995) Jam
0%
The Band(1969) Jawbone
0%
Northern Lights – Southern Cross(1975) Jupiter Hollow
0%
Stage Fright(1970) Just Another Whistle Stop
0%
Music from Big Pink(Bonus)(1968) Katie's Been Gone
0%
Jubilation(1998) Kentucky Downpour
0%
The Band(1969) King Harvest (Has Surely Come)
0%
Islands(1977) Knockin' Lost John
0%
Cahoots(1971) Last of the Blacksmiths
0%
Jubilation(1998) Last Train to Memphis
0%
Non-Album(1965) Leave Me Alone
0%
Islands(1977) Let the Night Fall
0%
Cahoots(1971) Life Is a Carnival
0%
Islands(1977) Livin' in a Dream
0%
Music from Big Pink(1968) Lonesome Suzie
0%
Music from Big Pink(Bonus)(1968) Long Distance Operator
0%
The Band(1969) Look Out Cleveland
0%
Moondog Matinee(1973) Mystery Train
0%
Northern Lights – Southern Cross(1975) Ophelia
0%
Music from Big Pink(Bonus)(1968) Orange Juice Blues (Blues for Breakfast)
0%
The Last Waltz(1978) Out of the Blue
0%
Northern Lights – Southern Cross(1975) Rags and Bones
0%
Islands(1977) Right as Rain
0%
Northern Lights – Southern Cross(1975) Ring Your Bell
0%
The Band(1969) Rockin' Chair
0%
Moondog Matinee(1973) Share Your Love (With Me)
0%
Cahoots(1971) Shoot Out in Chinatown
0%
Stage Fright(1970) Sleeping
0%
Cahoots(1971) Smoke Signal
0%
Jubilation(1998) Spirit of the Dance
0%
Stage Fright(1970) Strawberry Wine
0%
Islands(1977) Street Walker
0%
Rock of Ages(1972) The Genetic Method
0%
The Last Waltz(1978) The Last Waltz Refrain
0%
The Last Waltz(1978) Theme from The Last Waltz
0%
Cahoots(1971) The Moon Struck One
0%
Cahoots(1971) The River Hymn
0%
Stage Fright(1970) The Rumor
0%
Islands(1977) The Saga of Pepote Rouge
0%
Non-Album(1965) The Stones I Throw
0%
The Band(1969) The Unfaithful Servant
0%
The Last Waltz(1978) The Well
0%
Stage Fright(1970) The W.S. Walcott Medicine Show
0%
Cahoots(1971) Thinkin' Out Loud
0%
Music from Big Pink(1968) This Wheel's on Fire
0%
Stage Fright(1970) Time to Kill
0%
Music from Big Pink(1968) 'To Kingdom Come
0%
Northern Lights – Southern Cross(Bonus)(2001) Twilight
0%
Non-Album(1965) Uh-Uh-Uh
0%
The Band(1969) Up on Cripple Creek
0%
Cahoots(1971) Volcano
0%
Music from Big Pink(1968) We Can Talk
0%
The Band(1969) When You Awake
0%
Cahoots(1971) Where Do We Go from Here?
0%
The Band(1969) Whispering Pines
0%
Jubilation(1998) White Cadillac (Ode to Ronnie Hawkins)
0%
Music from Big Pink(Bonus)(1968) Yazoo Street Scandal
0%
No matching quizzes found
Score Distribution
Percent of People with Each Score
Percentile by Number Answered
Your Score History
You have not taken this quiz